| 000 | 00370 a2200145 4500 | ||
|---|---|---|---|
| 020 | _a9780073128153 | ||
| 082 | _a658.1552 | ||
| 090 |
_c2113 _d2113 |
||
| 100 | _aEdward Blocher | ||
| 245 |
_aCost Management: A Strategic Emphasis _cEdward Blocher |
||
| 260 |
_aNew York _bMcGraw-Hill _c2008 |
||
| 300 | _a902p | ||
| 500 | _aHard cover | ||
| 942 |
_aNBS _cBK _k658.1552 BLO |
||
| 999 |
_c344616 _d344616 |
||